| 000 | 00739nam a2200241 a 4500 | ||
|---|---|---|---|
| 001 | 000024283 | ||
| 005 | 20200930022856.0 | ||
| 008 | 110125s1977 sp a 000 0 spa d | ||
| 020 | _a8423953254 | ||
| 040 |
_aDO-SdBNP _bspa _cBNPHU |
||
| 041 | 1 | 7 |
_aspa _hfre _2Código de idiomas MARC |
| 082 |
_ann* _bnn* |
||
| 100 | 1 |
_aGauthier, André. _949847 |
|
| 240 | 1 | 0 |
_aLiszt. _lEspañol |
| 245 | 1 | 0 |
_aLiszt / _cAndré Gauthier ; traducción de Felipe Ximénez de Sandoval. |
| 250 | _a2a ed. | ||
| 260 |
_aMadrid : _bEspasa-Calpe, _c1977. |
||
| 300 |
_a115 p. : _bil. ; _c18 cm. |
||
| 534 |
_aTraducción del francés : _tLiszt |
||
| 504 | _aBibliografía : [119] p. | ||
| 700 | 1 |
_aXiménez de Sandoval, Felipe, _etr. _919335 |
|
| 049 | _aBNGR | ||
| 999 |
_c23777 _d23777 |
||